[Event "RA Introductory Active"]
[Site "Ottawa CAN"]
[Date "2008.09.04"]
[Round "3"]
[White "Pacey, Kevin"]
[Black "Upper, John"]
[Result "0-1"]
[WhiteElo "2137"]
[BlackElo "1980"]
[PlyCount "93"]
[GameId "2160767910328184"]
[EventDate "2008.09.04"]
[EventType "swiss"]
[EventRounds "6"]
[EventCountry "CAN"]

1. e4 e6 2. d4 d5 3. e5 c5 4. c3 Nc6 5. Nf3 Qb6 6. Bd3 cxd4 7. cxd4 Bd7 8. O-O Nxd4 9. Nxd4 Qxd4 10. Re1 Bb4 11. Re2 Qb6 12. a3 Bc5 13. Nc3 Ne7 14. Bd2 O-O 15. b4 Bd4 16. Qe1 f6 17. exf6 Rxf6 18. Rc1 Raf8 19. Nd1 e5 20. Bg5 Re6 21. Ne3 Bxe3 22. Rxe3 e4 23. Bb1 Nf5 24. Ba2 Qd6 25. Rxe4 dxe4 26. Qxe4 Kh8 27. Bxe6 Bxe6 28. Qxb7 Nd4 29. Qc7 Qa6 30. Qc5 Ne2+ 31. Kh1 Rc8 32. Rd1 Rxc5 33. Rd8+ Bg8 34. bxc5 Qg6 35. h4 h6 36. Be3 Qf6 37. Rxg8+ Kxg8 38. g3 Qf3+ 39. Kh2 Nc3 40. Kg1 Ne4 41. c6 Qd1+ 42. Kh2 Qd6 43. Bxa7 Qxc6 44. Be3 Qa4 45. Kg2 Qxa3 46. Kf3 Qa8 47. Kg2 0-1

[Event "RA Introductory Active"]
[Site "Ottawa CAN"]
[Date "2008.09.11"]
[Round "4"]
[White "Mayo, Alvah"]
[Black "Pacey, Kevin"]
[Result "0-1"]
[WhiteElo "1652"]
[BlackElo "2137"]
[PlyCount "68"]
[GameId "2160767910328185"]
[EventDate "2008.09.04"]
[EventType "swiss"]
[EventRounds "6"]
[EventCountry "CAN"]

1. d4 Nf6 2. c4 e5 3. dxe5 Ne4 4. a3 b6 5. Qd5 Bb7 6. Qxb7 Nc6 7. b4 a6 8. b5 axb5 9. cxb5 Bb4+ 10. Bd2 Nxd2 11. Nxd2 Bxd2+ 12. Kxd2 Ra7 13. bxc6 dxc6+ 14. Ke1 Rxb7 15. Nf3 Ra7 16. e3 Qa8 17. Bd3 Rxa3 18. Rd1 Qa5+ 19. Ke2 Ra2+ 20. Rd2 Rxd2+ 21. Nxd2 Qxe5 22. Rc1 Qxh2 23. Rxc6 O-O 24. g3 h5 25. Rxc7 Rd8 26. Nf3 Qh1 27. Bc2 Qa1 28. Nd4 Qa6+ 29. Bd3 Qa2+ 30. Kf3 b5 31. Rb7 Qd5+ 32. Be4 Qg5 33. Ke2 Qg4+ 34. Bf3 Qc8 0-1

[Event "RA Introductory Active"]
[Site "Ottawa CAN"]
[Date "2008.09.11"]
[Round "5"]
[White "Pacey, Kevin"]
[Black "Van Dusen, Eric"]
[Result "1-0"]
[WhiteElo "2137"]
[BlackElo "1891"]
[PlyCount "41"]
[GameId "2160767910328186"]
[EventDate "2008.09.04"]
[EventType "swiss"]
[EventRounds "6"]
[EventCountry "CAN"]

1. d4 Nf6 2. c4 g6 3. Nc3 d5 4. cxd5 Nxd5 5. e4 Nxc3 6. bxc3 Bg7 7. Nf3 c5 8. Rb1 b6 9. Bb5+ Nd7 10. O-O O-O 11. dxc5 Nxc5 12. Bc6 Bb7 13. Bxb7 Nxb7 14. Nd4 Rc8 15. Nb5 a6 16. Qxd8 Rfxd8 17. Na7 Rxc3 18. Rxb6 Nd6 19. Nc6 Rd7 20. Rb8+ Bf8 21. Bh6 1-0

[Event "RA Introductory Active"]
[Site "Ottawa CAN"]
[Date "2008.09.11"]
[Round "6"]
[White "De Kerpel, Stijn"]
[Black "Pacey, Kevin"]
[Result "1-0"]
[WhiteElo "2080"]
[BlackElo "2137"]
[PlyCount "29"]
[GameId "2160767910328187"]
[EventDate "2008.09.04"]
[EventType "swiss"]
[EventRounds "6"]
[EventCountry "CAN"]

1. e4 e5 2. Nf3 d5 3. exd5 Bd6 4. d4 e4 5. Ne5 Ne7 6. Nc3 Bb4 7. Bb5+ Nd7 8. Qg4 g6 9. O-O f5 10. Qh4 O-O 11. Bc4 Bd6 12. Bg5 a6 13. f3 e3 14. Bxe7 Bxe7 15. d6+ 1-0

[Event "RA Summer Pickup #1"]
[Site "Ottawa CAN"]
[Date "2008.05.08"]
[Round "1"]
[White "Qin, Zi Yi (Joey)"]
[Black "Pacey, Kevin"]
[Result "1-0"]
[WhiteElo "2174"]
[BlackElo "2260"]
[PlyCount "61"]
[GameId "2160767910350851"]
[EventDate "2008.05.08"]
[EventType "swiss"]
[EventRounds "6"]
[EventCountry "CAN"]

1. e4 c6 2. d4 d5 3. exd5 cxd5 4. c4 Nf6 5. Nc3 g6 6. Nf3 Bg7 7. cxd5 O-O 8. Be2 Nxd5 9. Be3 Nc6 10. O-O Be6 11. Qd2 Nxc3 12. bxc3 Na5 13. Rab1 Bc4 14. Bxc4 Nxc4 15. Qd3 Qd5 16. Nd2 Nxd2 17. Bxd2 b6 18. a4 Rfc8 19. Qb5 Qd6 20. Rfd1 e5 21. Be3 Rxc3 22. dxe5 Qxe5 23. Rd5 Qe4 24. Rbd1 h5 25. a5 bxa5 26. Qxa5 Re8 27. h3 Kh7 28. Qxa7 Re7 29. Rd7 Rxd7 30. Rxd7 Qb1+ 31. Kh2 1-0

[Event "RA Summer Pickup #1"]
[Site "Ottawa CAN"]
[Date "2008.05.22"]
[Round "3"]
[White "Pacey, Kevin"]
[Black "Szalay, Karoly"]
[Result "0-1"]
[WhiteElo "2260"]
[BlackElo "2205"]
[PlyCount "92"]
[GameId "2160767910350852"]
[EventDate "2008.05.08"]
[EventType "swiss"]
[EventRounds "6"]
[EventCountry "CAN"]

1. e4 e5 2. Nf3 Nc6 3. Nc3 Nf6 4. d4 exd4 5. Nd5 Be7 6. Bf4 d6 7. Bb5 O-O 8. O-O Bg4 9. h3 Bxf3 10. Qxf3 Ne5 11. Qe2 c5 12. Nxe7+ Qxe7 13. Bg5 Ng6 14. Rae1 h6 15. Bd2 d5 16. exd5 Qxe2 17. Bxe2 Nxd5 18. Bf3 Rad8 19. c4 dxc3 20. bxc3 b6 21. g3 Nf6 22. Bc1 Rd3 23. Re3 Rfd8 24. Rfe1 Rxe3 25. Rxe3 Nd5 26. Bxd5 Rxd5 27. Re8+ Kh7 28. Kg2 Rd3 29. h4 Rxc3 30. Be3 f6 31. h5 Ne5 32. Bf4 Ra3 33. Bxe5 fxe5 34. Rxe5 Rxa2 35. Re7 c4 36. Rc7 b5 37. Kf3 a5 38. Ke3 Ra3+ 39. Ke4 a4 40. g4 Ra2 41. f4 Re2+ 42. Kf5 a3 43. g5 hxg5 44. fxg5 a2 45. g6+ Kh6 46. Rc8 Re5+ 0-1

[Event "RA Summer Pickup #1"]
[Site "Ottawa CAN"]
[Date "2008.05.29"]
[Round "4"]
[White "Sadeghi, Saeid"]
[Black "Pacey, Kevin"]
[Result "0-1"]
[WhiteElo "2042"]
[BlackElo "2260"]
[PlyCount "76"]
[GameId "2160767910350853"]
[EventDate "2008.05.08"]
[EventType "swiss"]
[EventRounds "6"]
[EventCountry "CAN"]

1. d4 Nf6 2. c4 e6 3. Nf3 d5 4. g3 Be7 5. Bg2 O-O 6. O-O c5 7. cxd5 exd5 8. dxc5 Bxc5 9. Bg5 Nc6 10. Nc3 d4 11. Bxf6 Qxf6 12. Ne4 Qe7 13. Nxc5 Qxc5 14. Rc1 Qd5 15. a3 Bf5 16. b4 Be4 17. Rc5 Qa2 18. Ng5 Bxg2 19. Qd3 g6 20. Kxg2 Rfe8 21. b5 Ne5 22. Qe4 Nd7 23. Qd5 Qxd5+ 24. Rxd5 Nb6 25. Rxd4 Rxe2 26. a4 Ra2 27. Rh4 Rxa4 28. Rxh7 Rb4 29. Rxf7 Rxb5 30. f4 Nd5 31. Rf3 a5 32. Rd7 a4 33. Rd3 a3 34. Nf7 a2 35. Nh6+ Kf8 36. Rf7+ Ke8 37. Rd4 a1=Q 38. Re4+ Kd8 0-1

[Event "RA Summer Pickup #1"]
[Site "Ottawa CAN"]
[Date "2008.06.05"]
[Round "5"]
[White "Pacey, Kevin"]
[Black "Xiong, Jerry"]
[Result "1/2-1/2"]
[WhiteElo "2260"]
[BlackElo "2174"]
[PlyCount "114"]
[GameId "2160767910350854"]
[EventDate "2008.05.08"]
[EventType "swiss"]
[EventRounds "6"]
[EventCountry "CAN"]

1. d4 d5 2. Nc3 Nf6 3. Bg5 c6 4. e3 Bf5 5. Bd3 Bg6 6. Bxf6 exf6 7. Nge2 Bd6 8. Ng3 O-O 9. Qf3 Na6 10. a3 Nc7 11. Nf5 Ne6 12. h4 Re8 13. h5 Bxf5 14. Qxf5 Nf8 15. Kf1 Qd7 16. Qf3 Qe7 17. Qg4 Rad8 18. Rh3 g6 19. hxg6 fxg6 20. g3 Qe6 21. Qh4 f5 22. Ne2 Qe7 23. c4 Qxh4 24. Rxh4 Ne6 25. cxd5 cxd5 26. Nc3 Be7 27. Rh1 a6 28. Bb1 Nc7 29. Ba2 h5 30. Rc1 Kf7 31. Na4 Bd6 32. Nb6 Ke6 33. Ke2 Re7 34. Kd3 Rh7 35. Rc2 g5 36. Na4 h4 37. gxh4 gxh4 38. Rh3 Kf6 39. Nb6 Kg5 40. Nxd5 Nxd5 41. Bxd5 Bxa3 42. Bxb7 Rxb7 43. bxa3 Rb3+ 44. Ke2 Rxa3 45. Kf3 Rxd4 46. Rc8 Rf4+ 47. Kg2 Rg4+ 48. Kf3 Kf6 49. Rc6+ Ke5 50. Rc5+ Ke6 51. Rc6+ Kd5 52. Rh6 Raa4 53. Rh1 Rge4 54. Rh5 Ke5 55. Rb1 Reb4 56. Rc1 Rc4 57. Rb1 Rcb4 1/2-1/2

[Event "RA Summer Pickup #2"]
[Site "Ottawa CAN"]
[Date "2008.06.19"]
[Round "1"]
[White "Pacey, Kevin"]
[Black "Qin, Zi Yi (Joey)"]
[Result "1-0"]
[WhiteElo "2246"]
[BlackElo "2194"]
[PlyCount "69"]
[GameId "2160767910354424"]
[EventDate "2008.06.19"]
[EventType "swiss"]
[EventRounds "6"]
[EventCountry "CAN"]

1. d4 Nf6 2. c4 e6 3. g3 b6 4. Bg2 d5 5. Nf3 c6 6. O-O Bd6 7. Nbd2 Ba6 8. Qc2 Nbd7 9. b3 Rc8 10. e4 dxe4 11. Ng5 O-O 12. Ndxe4 Be7 13. Rd1 h6 14. Nxf6+ Nxf6 15. Nf3 Qc7 16. Bb2 Rfd8 17. Rac1 Nd7 18. Qb1 Bb7 19. d5 exd5 20. cxd5 c5 21. Nd4 Bf6 22. Nf5 Re8 23. d6 Qb8 24. Bxf6 Bxg2 25. Kxg2 Qb7+ 26. Kg1 Nxf6 27. Ne7+ Rxe7 28. dxe7 Qxe7 29. Re1 Qd7 30. Rcd1 Qh3 31. Qc2 h5 32. Re7 b5 33. Qe2 g6 34. Rd6 Kg7 35. Rxf6 1-0

[Event "RA Summer Pickup #2"]
[Site "Ottawa CAN"]
[Date "2008.06.26"]
[Round "2"]
[White "Adamou-Ndiaye, Mocktar"]
[Black "Pacey, Kevin"]
[Result "0-1"]
[WhiteElo "1945"]
[BlackElo "2246"]
[PlyCount "92"]
[GameId "2160767910354425"]
[EventDate "2008.06.19"]
[EventType "swiss"]
[EventRounds "6"]
[EventCountry "CAN"]

1. d4 d5 2. Nf3 e6 3. e3 Bd6 4. Bd3 f5 5. c4 c6 6. Nc3 Nf6 7. Qc2 O-O 8. O-O Ne4 9. Ne5 Bxe5 10. dxe5 Nd7 11. f4 Ndc5 12. cxd5 exd5 13. Be2 Be6 14. Nxe4 Nxe4 15. Rd1 Qb6 16. a4 a5 17. Ra3 Rfd8 18. Bf3 Rac8 19. Rad3 Nc5 20. Rc3 Na6 21. Be2 Nb4 22. Qd2 c5 23. Kf1 d4 24. exd4 cxd4 25. Rxc8 Rxc8 26. Bb5 Rc2 27. Qe1 Bd5 28. Rd2 Qc5 29. Rxc2 Qxc2 30. Qd2 Bc4+ 31. Kg1 Bxb5 32. Qxc2 Nxc2 33. axb5 Na1 34. Bd2 Nb3 35. Be1 d3 36. Kf2 d2 37. Bxd2 Nxd2 38. Ke2 Ne4 39. Kd3 Kf7 40. Kd4 Ke6 41. g4 g6 42. g5 b6 43. b3 Nd2 44. Kc3 Nf3 45. h3 Kd5 46. Kd3 Nd4 0-1

[Event "RA Summer Pickup #2"]
[Site "Ottawa CAN"]
[Date "2008.07.03"]
[Round "3"]
[White "Pacey, Kevin"]
[Black "Palsson, Halldor"]
[Result "1-0"]
[WhiteElo "2246"]
[BlackElo "2035"]
[PlyCount "71"]
[GameId "2160767910354426"]
[EventDate "2008.06.19"]
[EventType "swiss"]
[EventRounds "6"]
[EventCountry "CAN"]

1. e4 e6 2. d4 d5 3. e5 c5 4. c3 Nc6 5. Nf3 Qb6 6. Bd3 Bd7 7. dxc5 Bxc5 8. O-O f6 9. b4 Be7 10. Bf4 fxe5 11. Nxe5 Nxe5 12. Bxe5 Nf6 13. Qe2 O-O 14. Nd2 a6 15. a4 Bd6 16. Nf3 Rae8 17. Bd4 Qc7 18. Ne5 Bc8 19. f4 a5 20. Rac1 Qd8 21. b5 Ba3 22. Rcd1 Qc7 23. Qe3 g6 24. Rf3 Re7 25. Rdf1 Ne8 26. b6 Qd8 27. Ng4 Ng7 28. Nf6+ Kf7 29. Nxh7 Nf5 30. Qe5 Nxd4 31. Bxg6+ Kg8 32. cxd4 Bd6 33. Nf6+ Rxf6 34. Qxf6 Qxb6 35. Rh3 Rg7 36. Bf7+ 1-0

[Event "RA Summer Pickup #2"]
[Site "Ottawa CAN"]
[Date "2008.07.10"]
[Round "4"]
[White "Mayo, Alvah"]
[Black "Pacey, Kevin"]
[Result "1/2-1/2"]
[WhiteElo "2142"]
[BlackElo "2246"]
[PlyCount "94"]
[GameId "2160767910354427"]
[EventDate "2008.06.19"]
[EventType "swiss"]
[EventRounds "6"]
[EventCountry "CAN"]

1. Nf3 d5 2. c4 c6 3. b3 Bg4 4. Bb2 e6 5. Ne5 Bh5 6. d4 Nd7 7. Nd2 Nxe5 8. dxe5 Bb4 9. a3 Bxd2+ 10. Qxd2 dxc4 11. Qxd8+ Rxd8 12. bxc4 Bg6 13. Rc1 Ne7 14. f3 c5 15. e4 Nc6 16. Be2 O-O 17. Rd1 Rxd1+ 18. Bxd1 f5 19. exf6 gxf6 20. Ke2 e5 21. Bc3 Bf7 22. Bb3 Rd8 23. Rd1 Rxd1 24. Kxd1 b5 25. Kd2 b4 26. axb4 cxb4 27. Ba1 Na5 28. Kc2 Bxc4 29. Bxc4+ Nxc4 30. Kd3 Na5 31. f4 Nb3 32. Bb2 exf4 33. Bxf6 Nc5+ 34. Kc4 Nxe4 35. Be5 f3 36. gxf3 Nd2+ 37. Kxb4 Nxf3 38. Bb8 a6 39. Ka5 Kf7 40. Kxa6 Kg6 41. Kb5 Kf5 42. Kc4 Kg4 43. Kd3 Kh3 44. Ke4 Kg2 45. Bc7 h5 46. Kf4 h4 47. h3 Kxh3 1/2-1/2

[Event "RA Summer Pickup #2"]
[Site "Ottawa CAN"]
[Date "2008.07.17"]
[Round "5"]
[White "Pacey, Kevin"]
[Black "De Kerpel, Stijn"]
[Result "1-0"]
[WhiteElo "2246"]
[BlackElo "2177"]
[PlyCount "29"]
[GameId "2160767910354428"]
[EventDate "2008.06.19"]
[EventType "swiss"]
[EventRounds "6"]
[EventCountry "CAN"]

1. e4 c5 2. Nf3 e6 3. Nc3 a6 4. d4 cxd4 5. Nxd4 b5 6. Bd3 Bb7 7. O-O d6 8. Qe2 Nc6 9. Nxc6 Bxc6 10. a4 b4 11. Nd5 Qa5 12. Bd2 Bxd5 13. exd5 Qxd5 14. Be4 Qe5 15. Bc6+ 1-0

[Event "RA Summer Pickup #2"]
[Site "Ottawa CAN"]
[Date "2008.07.24"]
[Round "6"]
[White "Van Dusen, Eric"]
[Black "Pacey, Kevin"]
[Result "1-0"]
[WhiteElo "1943"]
[BlackElo "2246"]
[PlyCount "61"]
[GameId "2160767910354429"]
[EventDate "2008.06.19"]
[EventType "swiss"]
[EventRounds "6"]
[EventCountry "CAN"]

1. d4 Nf6 2. Nf3 e6 3. c4 c5 4. d5 exd5 5. cxd5 d6 6. Nc3 g6 7. Bf4 Bg7 8. e4 O-O 9. Nd2 Re8 10. Bd3 Nh5 11. Be3 Nd7 12. O-O a6 13. a4 Ne5 14. Be2 Qh4 15. Bxh5 gxh5 16. f3 Rb8 17. Qe2 Bd7 18. a5 b5 19. axb6 Rxb6 20. Rfb1 Reb8 21. Rxa6 Rxb2 22. Rxb2 Rxb2 23. Ra8+ Bf8 24. Bh6 Ng6 25. Qe3 Qf6 26. Ne2 Bb5 27. Nf4 Qd4 28. Qxd4 cxd4 29. Nxg6 hxg6 30. Rxf8+ Kh7 31. Bf4 1-0

[Event "RA Summer Pickup #3"]
[Site "Ottawa CAN"]
[Date "2008.07.31"]
[Round "1"]
[White "Mayo, Alvah"]
[Black "Pacey, Kevin"]
[Result "0-1"]
[WhiteElo "2174"]
[BlackElo "2246"]
[PlyCount "64"]
[GameId "2160767910345139"]
[EventDate "2008.07.31"]
[EventType "swiss"]
[EventRounds "6"]
[EventCountry "CAN"]

1. e4 e6 2. Qe2 Nc6 3. c3 e5 4. f4 d5 5. exd5 Qxd5 6. Nf3 e4 7. c4 Qd3 8. Qxd3 exd3 9. Bxd3 Nb4 10. Ke2 Bd6 11. g3 Bg4 12. Be4 f5 13. Bxb7 Rb8 14. a3 Nc2 15. Bc6+ Kf8 16. Kd3 Bxf3 17. Bxf3 Nxa1 18. b4 Nb3 19. Bb2 c5 20. Kc2 cxb4 21. axb4 Rxb4 22. Bc3 Rb8 23. d4 Nf6 24. c5 Nxc5 25. dxc5 Bxc5 26. Be5 Rd8 27. Nc3 Ng4 28. Bc7 Rc8 29. Nb5 Bb6 30. Bb7 Rxc7+ 31. Nxc7 Bxc7 32. Re1 Nf6 0-1

[Event "RA Summer Pickup #3"]
[Site "Ottawa CAN"]
[Date "2008.08.07"]
[Round "2"]
[White "Pacey, Kevin"]
[Black "Qin, Zi Yi (Joey)"]
[Result "1-0"]
[WhiteElo "2246"]
[BlackElo "2200"]
[PlyCount "69"]
[GameId "2160767910345140"]
[EventDate "2008.07.31"]
[EventType "swiss"]
[EventRounds "6"]
[EventCountry "CAN"]

1. d4 Nf6 2. c4 e6 3. g3 d5 4. Bg2 c6 5. Nd2 Bb4 6. Qc2 O-O 7. Ngf3 Ne4 8. O-O Bxd2 9. Nxd2 Nxd2 10. Bxd2 b6 11. Rfd1 Ba6 12. Bb4 Re8 13. b3 Nd7 14. e4 Rc8 15. Ba3 Nf6 16. e5 Nd7 17. Bd6 Nf8 18. c5 Kh8 19. a4 Qd7 20. Ra3 Ra8 21. Rc1 Rec8 22. h4 Ng6 23. h5 Ne7 24. g4 f5 25. exf6 gxf6 26. b4 Rg8 27. Rg3 Bc4 28. Qd2 Raf8 29. Re1 Re8 30. Qf4 Rgf8 31. Rge3 e5 32. dxe5 f5 33. e6 Qd8 34. Qd4+ Kg8 35. h6 1-0

[Event "RA Summer Pickup #3"]
[Site "Ottawa CAN"]
[Date "2008.08.14"]
[Round "3"]
[White "Gordon, David"]
[Black "Pacey, Kevin"]
[Result "1/2-1/2"]
[WhiteElo "2199"]
[BlackElo "2246"]
[PlyCount "82"]
[GameId "2160767910345141"]
[EventDate "2008.07.31"]
[EventType "swiss"]
[EventRounds "6"]
[EventCountry "CAN"]

1. d4 d5 2. c4 e6 3. Nc3 c5 4. cxd5 exd5 5. Nf3 Nc6 6. g3 Nf6 7. Bg2 Be7 8. O-O O-O 9. Bg5 c4 10. Ne5 Be6 11. Nxc6 bxc6 12. b3 Qa5 13. Na4 Rfd8 14. e3 c5 15. Nxc5 Bxc5 16. dxc5 Qxc5 17. Bxf6 gxf6 18. bxc4 dxc4 19. Qc2 Rac8 20. Rfd1 c3 21. Be4 Bg4 22. Bxh7+ Kg7 23. Rd4 Rxd4 24. exd4 Qxd4 25. Qe4 Rc4 26. Qxd4 Rxd4 27. Bc2 a5 28. Kg2 Rd2 29. Rc1 Be6 30. Bb3 Bxb3 31. axb3 Rd3 32. Kf1 c2 33. Rxc2 Rxb3 34. Rc5 a4 35. Ra5 a3 36. Kg2 Kg6 37. h4 f5 38. Ra6+ f6 39. Ra4 Rc3 40. Kf1 Rb3 41. Kg2 Rc3 1/2-1/2

[Event "RA Summer Pickup #3"]
[Site "Ottawa CAN"]
[Date "2008.08.21"]
[Round "4"]
[White "Pacey, Kevin"]
[Black "Palsson, Halldor"]
[Result "1-0"]
[WhiteElo "2246"]
[BlackElo "2029"]
[PlyCount "49"]
[GameId "2160767910345142"]
[EventDate "2008.07.31"]
[EventType "swiss"]
[EventRounds "6"]
[EventCountry "CAN"]

1. e4 e6 2. d4 d5 3. e5 c5 4. c3 Nc6 5. Nf3 Qb6 6. Bd3 Bd7 7. dxc5 Bxc5 8. O-O a5 9. a4 Nge7 10. Na3 Ng6 11. Qe2 Na7 12. Nb5 Nxb5 13. axb5 a4 14. b4 Be7 15. Ra3 O-O 16. Ng5 Rfc8 17. h4 h6 18. Nxf7 Nxh4 19. Nxh6+ gxh6 20. Bxh6 Nf5 21. Qg4+ Kh8 22. Bxf5 Rg8 23. Qh3 Rxg2+ 24. Kxg2 exf5 25. Be3+ 1-0

[Event "RA Summer Pickup #3"]
[Site "Ottawa CAN"]
[Date "2008.08.28"]
[Round "5"]
[White "De Kerpel, Stijn"]
[Black "Pacey, Kevin"]
[Result "1/2-1/2"]
[WhiteElo "2153"]
[BlackElo "2246"]
[PlyCount "106"]
[GameId "2160767910345143"]
[EventDate "2008.07.31"]
[EventType "swiss"]
[EventRounds "6"]
[EventCountry "CAN"]

1. e4 e5 2. Nf3 f5 3. Nxe5 Qf6 4. d4 d6 5. Nc4 fxe4 6. Be2 Nc6 7. Be3 d5 8. Nca3 Qf7 9. O-O Nf6 10. c4 Be6 11. f3 exf3 12. Bxf3 Bxa3 13. Nxa3 dxc4 14. Qa4 O-O 15. Rac1 Rad8 16. Bxc6 bxc6 17. Nxc4 Qh5 18. Ne5 Ng4 19. Nxg4 Qxg4 20. Qc2 Bxa2 21. b3 Qe6 22. Qc4 Bxb3 23. Qxe6+ Bxe6 24. Rxc6 Rxf1+ 25. Kxf1 Rf8+ 26. Bf2 Bb3 27. Rxc7 a5 28. Ra7 a4 29. Ke1 Rc8 30. d5 Re8+ 31. Kd2 Rd8 32. Kc3 g6 33. Bd4 Rxd5 34. Rg7+ Kf8 35. Rxh7 Rg5 36. g3 Bf7 37. Rh8+ Ke7 38. Ra8 Bb3 39. Ra6 Rg4 40. Be5 Rc4+ 41. Kd3 Rc8 42. Ke3 Bc2 43. h4 Rc4 44. Bd4 Bf5 45. Ra5 Bd7 46. Ra6 Bc6 47. g4 Be8 48. Ra5 Rc1 49. h5 gxh5 50. gxh5 Rh1 51. Kd2 Rh4 52. Kc3 Rh3+ 53. Kd2 Rxh5 1/2-1/2

[Event "Rod Planas mem"]
[Site "Kelowna CAN"]
[Date "2008.08.03"]
[Round "3"]
[White "Campbell, Luke"]
[Black "Steinke, Wally"]
[Result "1-0"]
[WhiteElo "1536"]
[BlackElo "1685"]
[PlyCount "57"]
[GameId "2160767910336855"]
[EventDate "2008.08.02"]
[EventType "swiss"]
[EventRounds "6"]
[EventCountry "CAN"]

1. e4 c5 2. Nf3 Nc6 3. d4 cxd4 4. Nxd4 g6 5. Nc3 Bg7 6. Be3 Nf6 7. Qd2 Ng4 8. Nxc6 bxc6 9. O-O-O Nxe3 10. Qxe3 Qa5 11. h4 h5 12. Be2 Rb8 13. g4 Rxb2 14. Rd3 Bxc3 15. Rxc3 Qxa2 16. Kd2 Qa5 17. gxh5 gxh5 18. Rg1 d5 19. Bxh5 dxe4 20. Rg5 Rb5 21. Qxe4 Rd5+ 22. Rxd5 cxd5 23. Qe5 Rh6 24. Qg7 Rf6 25. Qg8+ Kd7 26. Qxc8+ Kd6 27. Qb8+ Ke6 28. Bg4+ Rf5 29. Qc8+ 1-0

[Event "Rodgers mem."]
[Site "Ottawa CAN"]
[Date "2008.09.18"]
[Round "1"]
[White "Li, Ruokai (David)"]
[Black "Pacey, Kevin"]
[Result "0-1"]
[WhiteElo "1800"]
[BlackElo "2266"]
[PlyCount "102"]
[GameId "2160767910311495"]
[EventDate "2008.09.18"]
[EventType "swiss"]
[EventRounds "6"]
[EventCountry "CAN"]

1. e4 e6 2. d4 d5 3. Nc3 Bb4 4. e5 Ne7 5. a3 Bxc3+ 6. bxc3 b6 7. Qg4 Ng6 8. h4 h5 9. Qg3 Ba6 10. a4 Bxf1 11. Kxf1 Nc6 12. Nf3 Nce7 13. Bg5 Nf5 14. Qh3 Qd7 15. g4 hxg4 16. Qxg4 Qc6 17. Bd2 O-O-O 18. h5 Rdf8 19. Ng5 Qc4+ 20. Qe2 Qxe2+ 21. Kxe2 Ngh4 22. a5 Kb8 23. Kd3 Rxh5 24. Bc1 g6 25. Ba3 Rd8 26. f4 Ng2 27. Rxh5 Nxf4+ 28. Kd2 gxh5 29. Nxf7 Rg8 30. Rf1 Rg2+ 31. Kc1 Rxc2+ 32. Kb1 Rxc3 33. Bb2 Ne2 34. Bxc3 Nxc3+ 35. Kc2 Ne2 36. Kd3 Nexd4 37. axb6 axb6 38. Rf4 c5 39. Rf2 Kc7 40. Ng5 b5 41. Nxe6+ Nxe6 42. Rxf5 c4+ 43. Kd2 d4 44. Rxh5 Kc6 45. Rh8 b4 46. Rc8+ Kd5 47. Rb8 b3 48. Rc8 c3+ 49. Kd3 Nc5+ 50. Ke2 b2 51. Rb8 c2 0-1

[Event "Rodgers mem."]
[Site "Ottawa CAN"]
[Date "2008.10.02"]
[Round "3"]
[White "Pacey, Kevin"]
[Black "Mayo, Alvah"]
[Result "1-0"]
[WhiteElo "2266"]
[BlackElo "2128"]
[PlyCount "135"]
[GameId "2160767910311496"]
[EventDate "2008.09.18"]
[EventType "swiss"]
[EventRounds "6"]
[EventCountry "CAN"]

1. c4 c5 2. Nc3 Nc6 3. g3 g6 4. Bg2 Bg7 5. Nf3 Nf6 6. O-O O-O 7. d3 d6 8. a3 Bd7 9. Rb1 Qc8 10. b4 b6 11. Bg5 Bh3 12. Nd5 Bxg2 13. Kxg2 Re8 14. Bxf6 Bxf6 15. b5 Ne5 16. Nd2 Bg7 17. f4 Ng4 18. e4 Nf6 19. f5 Nd7 20. Nf3 e6 21. fxe6 fxe6 22. Nf4 a6 23. bxa6 Rxa6 24. Rb3 Qa8 25. Ng5 Nf8 26. Qg4 Rxa3 27. Rxa3 Qxa3 28. Ngxe6 h5 29. Qf3 Nxe6 30. Nxe6 Qb2+ 31. Rf2 Qxf2+ 32. Qxf2 Rxe6 33. Qa2 Bd4 34. Qa8+ Kg7 35. Qb7+ Kh6 36. Qc8 Re7 37. Qf8+ Rg7 38. Qxd6 Rf7 39. h4 Rf2+ 40. Kh3 Re2 41. Qf8+ Kh7 42. Qe7+ Kh6 43. g4 Re3+ 44. Kg2 hxg4 45. Qg5+ Kh7 46. Qxg4 Kh6 47. Qf4+ Kh7 48. Qc7+ Kh6 49. Qxb6 Kh7 50. Qc7+ Kh6 51. Qe7 Re2+ 52. Kf3 Rf2+ 53. Kg3 Re2 54. Qg5+ Kh7 55. h5 Re3+ 56. Kg2 gxh5 57. Qxh5+ Kg7 58. Kf1 Kf6 59. Kg2 Kg7 60. Qg5+ Kf7 61. Qf4+ Ke7 62. e5 Rxe5 63. Kf3 Kd7 64. Qf7+ Kc6 65. Kf4 Re1 66. Qg6+ Kc7 67. Qh7+ Kd8 68. Qh4+ 1-0

[Event "Rodgers mem."]
[Site "Ottawa CAN"]
[Date "2008.10.09"]
[Round "4"]
[White "Marghetis, Aris"]
[Black "Pacey, Kevin"]
[Result "0-1"]
[WhiteElo "1900"]
[BlackElo "2266"]
[PlyCount "112"]
[GameId "2160767910311497"]
[EventDate "2008.09.18"]
[EventType "swiss"]
[EventRounds "6"]
[EventCountry "CAN"]

1. e4 e5 2. Nc3 Nc6 3. f4 exf4 4. Nf3 g5 5. d4 Bg7 6. d5 Ne5 7. Nd4 d6 8. Bb5+ Kf8 9. O-O c5 10. dxc6 bxc6 11. Be2 Qb6 12. Kh1 Ng4 13. Bxg4 Qxd4 14. Bxc8 Qxd1 15. Rxd1 Rxc8 16. Rxd6 Ke7 17. Rd3 Be5 18. g3 fxg3 19. Bxg5+ f6 20. Bh4 gxh2 21. Rad1 Nh6 22. Bg3 Ng4 23. Rf1 Bxg3 24. Rxg3 Rhg8 25. Ne2 Rg5 26. Rh3 h6 27. Nd4 c5 28. Nf5+ Ke6 29. Ne3 Nxe3 30. Rxe3 Rcg8 31. Rf2 Ke5 32. c3 Rh5 33. Re1 Rg6 34. b4 cxb4 35. cxb4 Rg1+ 36. Rxg1 hxg1=Q+ 37. Kxg1 Rh4 38. Rf5+ Ke6 39. Ra5 Rxe4 40. Rxa7 Rxb4 41. a4 h5 42. a5 Ra4 43. a6 Kf5 44. Ra8 Kf4 45. a7 f5 46. Rh8 Rxa7 47. Rxh5 Ra2 48. Rh8 Kg3 49. Rg8+ Kf3 50. Rb8 f4 51. Rb3+ Kg4 52. Rb4 Kg3 53. Rb3+ f3 54. Rb1 Rg2+ 55. Kh1 Rh2+ 56. Kg1 f2+ 0-1

[Event "Rodgers mem."]
[Site "Ottawa CAN"]
[Date "2008.10.16"]
[Round "5"]
[White "Pacey, Kevin"]
[Black "Barclay, Wayne"]
[Result "1-0"]
[WhiteElo "2266"]
[BlackElo "2230"]
[PlyCount "113"]
[GameId "2160767910311498"]
[EventDate "2008.09.18"]
[EventType "swiss"]
[EventRounds "6"]
[EventCountry "CAN"]

1. d4 Nf6 2. c4 e6 3. g3 c5 4. Nf3 d5 5. cxd5 exd5 6. Nc3 Nc6 7. Bg2 c4 8. O-O Be7 9. Ne5 O-O 10. Bg5 Be6 11. Nxc6 bxc6 12. b3 cxb3 13. axb3 h6 14. Bxf6 Bxf6 15. Na4 Re8 16. e3 Bf5 17. Rc1 Qd6 18. Nc5 Rab8 19. Ra1 Re7 20. Qd2 Rb6 21. Ra4 Qb8 22. Rfa1 Rb5 23. R1a3 Kh7 24. Bf1 Rb6 25. Qa2 h5 26. Rxa7 h4 27. Ra8 Qd6 28. R3a7 hxg3 29. hxg3 Rxe3 30. fxe3 Qxg3+ 31. Qg2 Qxe3+ 32. Kh1 Bxd4 33. Rxf7 Qh6+ 34. Qh2 Qxh2+ 35. Kxh2 Bg6 36. Rff8 Bc2 37. Bd3+ Bxd3 38. Nxd3 Rxb3 39. Rf3 Rb1 40. Rh3+ Kg6 41. Ra6 Bb6 42. Ne5+ Kf5 43. Nxc6 Rb2+ 44. Kg3 d4 45. Rh5+ g5 46. Ne7+ Ke4 47. Rxg5 Rb3+ 48. Kg4 d3 49. Ra4+ Ke3 50. Nd5+ Kf2 51. Ra2+ Ke1 52. Re5+ Kd1 53. Nxb6 Rxb6 54. Rd5 Rb3 55. Kf4 Kc1 56. Ke4 Kb1 57. Rh2 1-0